00616nam a22001697a 450000500170000001000290001702000260004603500170007203700360008908200110012510000230013624501010015926000480026027000880030830000210039670000290041720180612141127.0 a1718EN-30 B-688624-241 a9789352021413c275.00 aB-688624-241 adplbHimalaya Publishing House  a651.84 aMohanty, Rasananda aComputer aplication in business accounting /cby Rasananda Mohanty [and] Sanjay Kumar Satapathy  aNew DelhibHimalaya Publishing House c2016 aPooja Apartments, 4-B, Murari Lal Street, Ansari Road DariyaganjbNew Delhie110002 a257p.b24cm(pbk) aSatapathy, Sanjay Kumar